[Event "ch-RUS Rapid Women"]
[Site "Olginka RUS"]
[Date "2011.04.25"]
[Round "4"]
[White "Turova, Irina"]
[Black "Ambartsumova, Karina"]
[Result "1-0"]
[WhiteTitle "IM"]
[BlackTitle "WIM"]
[WhiteElo "2428"]
[BlackElo "2308"]
[WhiteFideId "4120876"]
[BlackFideId "4166299"]
[EventDate "2011.04.25"]

1. d4 Nf6 2. c4 e6 3. Nc3 c5 4. d5 exd5 5. cxd5 d6 6. Bf4 a6 7. a4 g6 8. Nf3 Bg7
9. h3 O-O 10. e3 Qe7 11. Be2 Nbd7 12. O-O Ne8 13. Nd2 Rb8 14. Nc4 Ne5 15. Nb6
Nd7 16. Nxc8 Rxc8 17. a5 Nef6 18. Qd2 Rfd8 19. Rab1 Nf8 20. Na4 Ne4 21. Qc2 Nd7
22. b3 Re8 23. Bf3 f5 24. Bxe4 fxe4 25. Nb2 Nf6 26. Bg5 Qe5 27. Bxf6 Qxf6 28.
Nc4 Rc7 29. Qd2 Bf8 30. f4 exf3 31. Rxf3 Qe7 32. Rbf1 Bg7 33. Qf2 Rf8 34. Rxf8+
Bxf8 35. Qf6 Qxf6 36. Rxf6 Rd7 37. Re6 Kf7 38. Kf2 Rd8 39. Kf3 Be7 40. e4 Bf8
41. e5 dxe5 42. Nxe5+ Kg7 43. Ke4 Bd6 44. Nc4 Bf8 45. d6 Kf7 46. Kd5 Bg7 47.
Re7+ 1-0

[Event "ch-RUS Rapid Women"]
[Site "Olginka RUS"]
[Date "2011.04.25"]
[Round "4"]
[White "Romanko, Marina"]
[Black "Gubernatorova, Lyudmila"]
[Result "1/2-1/2"]
[WhiteTitle "IM"]
[WhiteElo "2402"]
[BlackElo "2266"]
[WhiteFideId "4149351"]
[BlackFideId "4123840"]
[EventDate "2011.04.25"]

1. d4 Nf6 2. c4 c5 3. d5 e6 4. Nc3 exd5 5. cxd5 d6 6. e4 g6 7. Nf3 Bg7 8. h3 O-O
9. Bd3 a6 10. O-O b5 11. Bf4 Re8 12. Re1 Ra7 13. a3 Rae7 14. Qc2 c4 15. Bf1 Qb6
16. Be3 Qc7 17. Bd4 Nbd7 18. g3 Nc5 19. Bxc5 Qxc5 20. Bg2 Nd7 21. Rad1 a5 22. a4
b4 23. Nb5 Ba6 24. Nfd4 Ne5 25. b3 Nd3 26. Rxd3 cxd3 27. Qxc5 dxc5 28. Nc6 Rd7
29. Rd1 Bxb5 30. axb5 a4 31. bxa4 b3 32. Na5 Ra7 33. Nxb3 c4 34. Nc5 Bd4 35. b6
Bxc5 36. bxa7 Bxa7 37. Bf3 Rb8 38. d6 Kf8 39. Rc1 Rb2 40. Rxc4 Rxf2 41. Rc8+ Kg7
42. d7 Rxf3+ 43. Kg2 Rf2+ 44. Kh1 Rf1+ 45. Kg2 Rf2+ 46. Kh1 Rf1+ 47. Kg2 Rf2+
48. Kh1 1/2-1/2

[Event "ch-RUS Rapid Women"]
[Site "Olginka RUS"]
[Date "2011.04.25"]
[Round "4"]
[White "Novikova, Anna"]
[Black "Galliamova, Alisa"]
[Result "0-1"]
[WhiteTitle "WIM"]
[BlackTitle "IM"]
[WhiteElo "2240"]
[BlackElo "2497"]
[WhiteFideId "4146794"]
[BlackFideId "4129725"]
[EventDate "2011.04.25"]

1. e4 c5 2. c3 d5 3. exd5 Qxd5 4. d4 g6 5. Be3 cxd4 6. Qxd4 Qxd4 7. Bxd4 f6 8.
Nf3 Nc6 9. Be3 e5 10. Nbd2 Nge7 11. Bc4 Nf5 12. Ne4 Nxe3 13. fxe3 Ke7 14. Rd1
Rb8 15. Rf1 Bh6 16. Ke2 Rf8 17. h3 Na5 18. Bd5 b6 19. c4 b5 20. c5 b4 21. Kf2
Ba6 22. Rfe1 Rbc8 23. Rc1 Rc7 24. Red1 Bb5 25. Nd6 Bd7 26. g4 f5 27. g5 Bg7 28.
h4 a6 29. b3 e4 30. Nd4 Be5 31. Nc4 Nxc4 32. Rxc4 h6 33. c6 Bc8 34. Rxb4 hxg5
35. hxg5 Rh8 36. Rg1 Kd6 37. Bc4 f4 38. Nc2 f3 39. Rd1+ Ke7 40. Bd5 Rh2+ 41. Kg1
f2+ 0-1

[Event "ch-RUS Rapid Women"]
[Site "Olginka RUS"]
[Date "2011.04.25"]
[Round "4"]
[White "Semenova, Elena"]
[Black "Bodnaruk, Anastasia"]
[Result "0-1"]
[WhiteTitle "WFM"]
[BlackTitle "IM"]
[WhiteElo "2170"]
[BlackElo "2423"]
[WhiteFideId "24125148"]
[BlackFideId "4181751"]
[EventDate "2011.04.25"]

1. e4 c5 2. Nf3 d6 3. d4 cxd4 4. Nxd4 Nf6 5. Nc3 a6 6. f4 e5 7. Nf3 Nbd7 8. a4
Qc7 9. Bd3 Be7 10. O-O O-O 11. Qe1 Re8 12. Kh1 b6 13. Qe2 Bb7 14. fxe5 dxe5 15.
Bc4 Nc5 16. Ng5 Rf8 17. Be3 h6 18. Bxc5 Bxc5 19. Nf3 a5 20. Nh4 Be7 21. Nf5 Rfd8
22. Rf3 Bc8 23. Nxe7+ Qxe7 24. Nd5 Nxd5 25. Bxd5 Rxd5 26. exd5 Bg4 27. Rxf7 Qxf7
28. Qxg4 Qxd5 29. Rd1 Qf7 30. h3 Re8 31. Qe4 Qf6 32. Kg1 Rf8 33. Rd5 Qf2+ 34.
Kh2 Qf4+ 35. Qxf4 exf4 36. Rd6 Re8 37. Rxb6 Re2 38. Kg1 Rxc2 39. Rb5 Kh7 40. b4
axb4 41. Rxb4 g5 42. Rb6 Ra2 43. Ra6 h5 44. a5 Kg7 45. Kf1 g4 46. h4 g3 47. Ra8
Ra1+ 48. Ke2 Rg1 49. Kf3 Rf1+ 50. Ke4 f3 51. Ra7+ Kf6 52. Ra6+ Ke7 53. Ra7+ Kd6
54. Ra6+ Kc5 55. gxf3 g2 56. Rg6 g1=Q 57. Rxg1 Rxg1 58. Kf5 Kb5 59. f4 Rg4 60.
Ke5 Rxh4 61. f5 Rh1 62. Kf4 Rg1 0-1

[Event "ch-RUS Rapid Women"]
[Site "Olginka RUS"]
[Date "2011.04.25"]
[Round "4"]
[White "Fominykh, Maria"]
[Black "Kabanova, Ekaterina"]
[Result "1-0"]
[WhiteTitle "WIM"]
[BlackTitle "WFM"]
[WhiteElo "2303"]
[BlackElo "2190"]
[WhiteFideId "4142411"]
[BlackFideId "24112917"]
[EventDate "2011.04.25"]

1. d4 c5 2. d5 e5 3. Nc3 d6 4. e4 a6 5. a4 Ne7 6. Nf3 Ng6 7. g3 b6 8. Bg2 Be7 9.
Nd2 O-O 10. Nc4 Nd7 11. O-O Re8 12. Rb1 Qc7 13. h4 Rb8 14. Ne3 b5 15. h5 Ngf8
16. Nf5 Bf6 17. Qg4 Kh8 18. Bg5 g6 19. Nh6 Kg7 20. f4 Qd8 21. Nf5+ Kg8 22. Nxd6
Re7 23. axb5 axb5 24. Nxc8 Qxc8 25. d6 Re6 26. Nd5 Bxg5 27. Qxg5 Qd8 28. Ne7+
Kh8 29. Rbd1 Qb6 30. fxe5 Nxe5 31. Bh3 c4+ 32. Kh1 Qb7 33. Rd5 Ned7 34. Bxe6
Nxe6 35. Qd2 Kg7 36. h6+ Kf8 37. Qc3 Ke8 38. Qh8+ Ndf8 39. d7+ Kd8 40. Rxf7 Kc7
41. Qe5+ Kd8 42. Nc6+ Qxc6 43. Qxb8+ Qc8 44. Qxc8# 1-0

[Event "ch-RUS Rapid Women"]
[Site "Olginka RUS"]
[Date "2011.04.25"]
[Round "4"]
[White "Tomilova, Elena"]
[Black "Shaydullina, Sandugach"]
[Result "1-0"]
[WhiteTitle "WIM"]
[BlackTitle "WGM"]
[WhiteElo "2315"]
[BlackElo "2178"]
[WhiteFideId "4162340"]
[BlackFideId "4140389"]
[EventDate "2011.04.25"]

1. d4 Nf6 2. Nf3 e6 3. Bg5 d5 4. e3 Be7 5. Nbd2 c5 6. c3 Nc6 7. Bd3 O-O 8. Ne5
Nxe5 9. dxe5 Nd7 10. Bf4 b6 11. h4 c4 12. Bc2 Nc5 13. Nf3 Ne4 14. Ng5 f5 15.
exf6 Nxf6 16. Be5 h6 17. Qe2 Bd6 18. Bxf6 Rxf6 19. O-O-O Bd7 20. f4 Qe7 21. Nf3
b5 22. g4 Rff8 23. g5 e5 24. fxe5 Bc5 25. Nd4 Qxe5 26. gxh6 Rf7 27. hxg7 Rb8 28.
h5 Rxg7 29. h6 Rg3 30. Rdg1 Kh8 31. Rxg3 Qxg3 32. Qh5 Qxe3+ 33. Kb1 Rg8 34. a3
Bxd4 35. cxd4 Qe6 36. Rf1 Be8 37. Qh4 Bg6 38. Bxg6 Qxg6+ 39. Ka2 c3 40. Rf6 Qd3
41. Rc6 Qf5 42. Rxc3 a5 43. Qe7 b4 44. Rc7 bxa3 45. h7 Qb1+ 46. Kxb1 Rg1+ 47.
Ka2 Ra1+ 48. Kxa1 axb2+ 49. Kxb2 1-0

[Event "ch-RUS Rapid Women"]
[Site "Olginka RUS"]
[Date "2011.04.25"]
[Round "4"]
[White "Sukhareva, Valentina"]
[Black "Kashlinskaya, Alina"]
[Result "0-1"]
[BlackTitle "WGM"]
[WhiteElo "1936"]
[BlackElo "2320"]
[WhiteFideId "4162331"]
[BlackFideId "4198026"]
[EventDate "2011.04.25"]

1. d4 Nf6 2. c4 g6 3. Nc3 Bg7 4. e4 d6 5. Be2 O-O 6. h4 c5 7. d5 e6 8. dxe6 Bxe6
9. h5 Nc6 10. hxg6 fxg6 11. Nf3 Ng4 12. Rxh7 Kxh7 13. Ng5+ Kg8 14. Bxg4 Bxg4 15.
Qxg4 Qf6 16. Be3 Bh6 17. O-O-O Bxg5 18. Bxg5 Ne5 19. Qh4 Qxf2 20. Qh6 Qxg2 21.
Nd5 Rf1 22. Ne7+ Kf7 23. Qh7+ Ke6 24. Nxg6 Nd3+ 0-1

[Event "ch-RUS Rapid Women"]
[Site "Olginka RUS"]
[Date "2011.04.25"]
[Round "5"]
[White "Kovanova, Baira"]
[Black "Vasilevich, Irina"]
[Result "1-0"]
[WhiteTitle "WGM"]
[BlackTitle "IM"]
[WhiteElo "2376"]
[BlackElo "2324"]
[WhiteFideId "4164083"]
[BlackFideId "4141296"]
[EventDate "2011.04.25"]

1. e4 c5 2. Nf3 e6 3. d3 Nc6 4. g3 g6 5. Bg2 Bg7 6. O-O Nge7 7. c3 O-O 8. Be3 b6
9. d4 d6 10. Re1 Ba6 11. d5 Na5 12. dxe6 fxe6 13. Ng5 Bc8 14. Bh3 e5 15. Be6+
Kh8 16. Na3 h6 17. Nf7+ Rxf7 18. Bxf7 Qf8 19. Bc4 Nxc4 20. Nxc4 d5 21. exd5 Nf5
22. Bd2 Kh7 23. Nxe5 Nd6 24. Qf3 Qg8 25. Bf4 g5 26. Bd2 Bf5 27. g4 Bc2 28. Rac1
Rf8 29. Qg2 Bxe5 30. Rxe5 Bg6 31. Re7+ Rf7 32. Rce1 Qg7 33. R7e6 Qf8 34. b3 c4
35. Bc1 cxb3 36. axb3 Nb5 37. Bb2 Rf3 38. c4 Nc3 39. Re7+ Kg8 40. d6 Rd3 41.
Bxc3 Rxc3 42. Qd5+ Bf7 43. Rxf7 Qxf7 44. Re8+ 1-0

[Event "ch-RUS Rapid Women"]
[Site "Olginka RUS"]
[Date "2011.04.25"]
[Round "5"]
[White "Pogonina, Natalija"]
[Black "Turova, Irina"]
[Result "1/2-1/2"]
[WhiteTitle "WGM"]
[BlackTitle "IM"]
[WhiteElo "2446"]
[BlackElo "2428"]
[WhiteFideId "4147855"]
[BlackFideId "4120876"]
[EventDate "2011.04.25"]

1. e4 e5 2. Nf3 Nc6 3. Bb5 f5 4. d3 fxe4 5. dxe4 Nf6 6. Nc3 d6 7. O-O Be7 8. Qd3
Be6 9. Ng5 Bg8 10. a3 h6 11. Nf3 Be6 12. Bc4 Qd7 13. Nd5 Nd8 14. Rd1 Nxd5 15.
Bxd5 c6 16. Bb3 Bxb3 17. Qxb3 Qe6 18. c4 O-O 19. Be3 b5 20. Rac1 Nf7 21. Qd3
bxc4 22. Qxc4 Qxc4 23. Rxc4 Rfb8 24. Rxc6 Rxb2 25. Ra6 Bd8 26. Nd2 Rc8 27. Rxa7
Bg5 28. Bxg5 Nxg5 29. h4 Nf7 30. Kf1 Rcc2 31. Ke2 Ra2 32. Kd3 Rcb2 33. g3 Kf8
34. f4 exf4 35. gxf4 g5 36. hxg5 hxg5 37. Ra8+ Ke7 38. Ra7+ Ke8 39. Ra8+ Ke7 1/2-1/2

[Event "ch-RUS Rapid Women"]
[Site "Olginka RUS"]
[Date "2011.04.25"]
[Round "5"]
[White "Sukhareva, Evgeniya"]
[Black "Zaiatz, Elena"]
[Result "1/2-1/2"]
[BlackTitle "IM"]
[WhiteElo "2180"]
[BlackElo "2426"]
[WhiteFideId "4167155"]
[BlackFideId "4139518"]
[EventDate "2011.04.25"]

1. d4 Nf6 2. c4 e6 3. Nf3 d5 4. Nc3 dxc4 5. e4 Bb4 6. Bg5 c5 7. e5 h6 8. Bd2 Nd5
9. Ne4 cxd4 10. Bxb4 Nxb4 11. Nd6+ Ke7 12. Bxc4 Qb6 13. O-O N4c6 14. Re1 Nd7 15.
b3 a6 16. Qe2 Rf8 17. Rad1 Kd8 18. Qe4 Kc7 19. Qf4 g5 20. Qe4 Kb8 21. h3 Ka7 22.
Qh7 Qc5 23. Qxh6 Ncxe5 24. Nxc8+ Raxc8 25. Nxe5 Nxe5 26. Bf1 Ng6 27. Qg7 Rcd8
28. Qf6 Qf5 29. Qxf5 exf5 1/2-1/2

[Event "ch-RUS Rapid Women"]
[Site "Olginka RUS"]
[Date "2011.04.25"]
[Round "5"]
[White "Galliamova, Alisa"]
[Black "Romanko, Marina"]
[Result "0-1"]
[WhiteTitle "IM"]
[BlackTitle "IM"]
[WhiteElo "2497"]
[BlackElo "2402"]
[WhiteFideId "4129725"]
[BlackFideId "4149351"]
[EventDate "2011.04.25"]

1. d4 d5 2. c4 c6 3. e3 Nf6 4. Nf3 Bf5 5. Nc3 e6 6. Nh4 Be4 7. f3 Bg6 8. Qb3 Qb6
9. Nxg6 hxg6 10. Bd2 Nbd7 11. O-O-O Qxb3 12. axb3 Bd6 13. h3 Nh5 14. Bd3 Ng3 15.
Rhe1 a6 16. e4 dxe4 17. Nxe4 Nxe4 18. Bxe4 Nf6 19. Bd3 O-O-O 20. Bc3 Bg3 21. Re2
Nh5 22. Rc2 Bf4+ 23. Kb1 Be3 24. Be2 Nf4 25. Bf1 c5 26. d5 exd5 27. Bxg7 dxc4
28. Rxd8+ Rxd8 29. Bxc4 b5 30. Bxf7 Rd1+ 31. Ka2 Rd7 32. Bf8 Rxf7 33. Bxc5 Rc7
34. b4 Nd3 35. Rc3 Bxc5 36. bxc5 Nxc5 37. h4 Na4 38. Rxc7+ Kxc7 39. g4 Nc5 40.
h5 gxh5 41. gxh5 Nd7 42. h6 Nf6 43. Kb3 Kb6 44. Kc3 Kc5 45. b4+ Kb6 46. Kd4 a5
47. bxa5+ Kxa5 48. Ke5 Nh7 49. Kf5 b4 50. Kg6 b3 51. Kxh7 b2 52. Kg7 b1=Q 53. h7
Qb7+ 54. Kg8 Qc8+ 55. Kg7 Qd7+ 56. Kg8 Qe8+ 57. Kg7 Qe7+ 58. Kg8 Qg5+ 59. Kh8
Qg6 60. f4 Qf7 0-1

[Event "ch-RUS Rapid Women"]
[Site "Olginka RUS"]
[Date "2011.04.25"]
[Round "5"]
[White "Ambartsumova, Karina"]
[Black "Girya, Olga"]
[Result "0-1"]
[WhiteTitle "WIM"]
[BlackTitle "WGM"]
[WhiteElo "2308"]
[BlackElo "2425"]
[WhiteFideId "4166299"]
[BlackFideId "4195752"]
[EventDate "2011.04.25"]

1. e4 c5 2. Nf3 Nc6 3. d4 cxd4 4. Nxd4 e5 5. Nb5 d6 6. c4 Be7 7. Bd3 a6 8. N5a3
Bg5 9. O-O Bxc1 10. Qxc1 Nge7 11. Nc3 Nd4 12. Ne2 Nec6 13. Nc2 Nxc2 14. Qxc2 O-O
15. h3 Be6 16. Qd2 Qb6 17. Rac1 Rfd8 18. Rfd1 Rac8 19. Bb1 Qa7 20. Rc3 h6 21. b3
Rd7 22. Rd3 Rcd8 23. Rg3 Kf8 24. Nc3 Nd4 25. Bd3 Qc5 26. Ne2 Nc6 27. Re3 Qb4 28.
Qxb4 Nxb4 29. Bb1 Nc6 30. Red3 Ke7 31. Rc3 Rc8 32. Rdc1 Rdc7 33. Kf1 Na7 34. Bd3
Nc6 35. Ke1 g6 36. Bb1 h5 37. h4 Bg4 38. f3 Be6 39. Kf2 a5 40. Rd1 Ra8 41. Rcd3
Rd7 42. Nc3 Nd4 43. R3d2 Rc7 44. Bd3 Rc5 45. Na4 Rc6 46. Nc3 Rc5 47. Na4 Rc6 48.
Nc3 Rb8 49. Bf1 Rc5 50. Na4 Rc6 51. Nc3 Rc5 52. Na4 Rc6 53. Nc3 f5 54. exf5 gxf5
55. f4 Rg8 56. Be2 Nxe2 57. Rxe2 Kf6 58. Rxd6 e4 59. Rd1 Rcc8 60. Nb5 Rcd8 61.
Nd6 b6 62. Red2 Ke7 63. Nb5 Rxd2+ 64. Rxd2 Rg4 65. g3 e3+ 66. Kxe3 Rxg3+ 67. Kf2
Rh3 68. Nd4 Rxh4 69. Kg3 Rg4+ 70. Kf3 Bc8 71. Nc6+ Kf6 72. Rd6+ Kg7 73. Ne7 Bb7+
74. Ke3 Be4 75. Nd5 h4 76. Rd7+ Kg6 77. Rd6+ Kg7 78. Rd7+ Kg6 79. Rd6+ Kg7 80.
Rd7+ Kh6 81. Nf6 Rg3+ 82. Ke2 h3 83. Nxe4 fxe4 84. Rd1 Kg6 85. Rf1 Kf5 86. Kd2
Rg2+ 87. Ke3 h2 88. Rh1 Rxa2 89. Rd1 Rg2 90. Rh1 Rb2 91. Kd4 0-1

[Event "ch-RUS Rapid Women"]
[Site "Olginka RUS"]
[Date "2011.04.25"]
[Round "5"]
[White "Gubernatorova, Lyudmila"]
[Black "Kashlinskaya, Alina"]
[Result "1/2-1/2"]
[BlackTitle "WGM"]
[WhiteElo "2266"]
[BlackElo "2320"]
[WhiteFideId "4123840"]
[BlackFideId "4198026"]
[EventDate "2011.04.25"]

1. d4 Nf6 2. c4 g6 3. Nc3 Bg7 4. e4 d6 5. Be2 O-O 6. Bg5 h6 7. Be3 e5 8. d5 Na6
9. g4 Nc5 10. f3 c6 11. b4 Na6 12. a3 cxd5 13. cxd5 Bd7 14. Bb5 Rc8 15. Nge2 h5
16. h3 Nh7 17. Bxd7 Qxd7 18. gxh5 Bf6 19. Qd2 Bh4+ 20. Bf2 Ng5 21. Qe3 Bxf2+ 22.
Kxf2 Nxh3+ 23. Kg3 Nf4 24. Nxf4 exf4+ 25. Qxf4 g5 26. Qf6 Kh7 27. Rac1 Nc7 28.
Ne2 Ne8 29. Qd4 Ra8 30. Qd3 Qe7 31. Nd4 Qe5+ 32. Kg2 Nf6 33. Nf5 g4 34. Qe3 Nxd5
35. Qh6+ Kg8 36. Qg5+ Kh7 37. Qh6+ Kg8 38. Qg5+ Kh7 39. Qh6+ 1/2-1/2

[Event "ch-RUS Rapid Women"]
[Site "Olginka RUS"]
[Date "2011.04.25"]
[Round "5"]
[White "Tomilova, Elena"]
[Black "Novikova, Anna"]
[Result "0-1"]
[WhiteTitle "WIM"]
[BlackTitle "WIM"]
[WhiteElo "2315"]
[BlackElo "2240"]
[WhiteFideId "4162340"]
[BlackFideId "4146794"]
[EventDate "2011.04.25"]

1. d4 d5 2. Nf3 e6 3. Bf4 Bd6 4. Bg3 Nf6 5. Nbd2 Nbd7 6. e3 Bxg3 7. hxg3 Qe7 8.
Ne5 Nxe5 9. dxe5 Nd7 10. Qh5 b6 11. O-O-O Bb7 12. f4 O-O-O 13. Nf3 h6 14. Bb5 c6
15. Bd3 Rhf8 16. Nd4 Nc5 17. Kb1 Kb8 18. Qe2 Qd7 19. Rd2 Nxd3 20. cxd3 c5 21.
Nf3 d4 22. e4 Rc8 23. g4 Rh8 24. Rdd1 b5 25. Qf2 Rhd8 26. g5 hxg5 27. Nxg5 c4
28. Rh7 cxd3 29. Rxg7 Rc2 30. Qf3 Rdc8 31. Qxd3 Qc6 32. a3 b4 33. axb4 Ba6 34.
b5 Bxb5 35. Qb3 Ka8 36. Rxd4 Rc1+ 37. Ka2 Bc4 38. Rxc4 Rxc4 39. Qd1 Ra4+ 40. Kb1
Qa6 0-1

[Event "ch-RUS Rapid Women"]
[Site "Olginka RUS"]
[Date "2011.04.25"]
[Round "5"]
[White "Kabanova, Ekaterina"]
[Black "Semenova, Elena"]
[Result "1-0"]
[WhiteTitle "WFM"]
[BlackTitle "WFM"]
[WhiteElo "2190"]
[BlackElo "2170"]
[WhiteFideId "24112917"]
[BlackFideId "24125148"]
[EventDate "2011.04.25"]

1. c4 e5 2. e3 Nf6 3. a3 d5 4. cxd5 Nxd5 5. Qc2 Nc6 6. Nf3 a6 7. b4 Bd6 8. Bb2
O-O 9. Be2 Qe7 10. d3 Be6 11. Nbd2 Rac8 12. O-O f6 13. Nb3 a5 14. b5 Na7 15.
Nxa5 Nxb5 16. a4 Na7 17. Nxb7 Bb4 18. a5 c6 19. a6 Nc7 20. d4 exd4 21. Nxd4 Bd5
22. Rfb1 Rfe8 23. Bd3 g6 24. Nb3 Ncb5 25. N3c5 Nd6 26. Bd4 Bxc5 27. Bxc5 Rcd8
28. Bxa7 1-0

[Event "ch-RUS Rapid Women"]
[Site "Olginka RUS"]
[Date "2011.04.25"]
[Round "5"]
[White "Shaydullina, Sandugach"]
[Black "Sukhareva, Valentina"]
[Result "1-0"]
[WhiteTitle "WGM"]
[WhiteElo "2178"]
[BlackElo "1936"]
[WhiteFideId "4140389"]
[BlackFideId "4162331"]
[EventDate "2011.04.25"]

1. d4 f5 2. c4 Nf6 3. Nf3 e6 4. Nc3 b6 5. g3 Bb7 6. Bg2 Bb4 7. Qb3 Qe7 8. O-O
Nc6 9. a3 Bxc3 10. Qxc3 Ne4 11. Qc2 g5 12. d5 Nd8 13. Nd4 exd5 14. Nxf5 Qe5 15.
Ne3 dxc4 16. Ng4 Qe6 17. Bxe4 Qxg4 18. Bxb7 Nxb7 19. f3 Qe6 20. Bxg5 d5 21. Rad1
h6 22. Bf4 O-O-O 23. Qc3 Rde8 24. Qd4 Rd8 25. Qe5 Qxe5 26. Bxe5 Rhe8 27. f4 c5
28. e3 Rd7 29. Rd2 Red8 30. Rfd1 Na5 31. Bf6 Re8 32. Kf2 d4 33. exd4 Nb3 34. Rc2
Nxd4 35. Bxd4 Rxd4 36. Rxd4 cxd4 37. Rxc4+ Kd7 38. Rxd4+ Kc6 39. g4 Kc5 40. Rd7
a5 41. f5 Re4 42. Kf3 Re1 43. Rc7+ Kd5 44. Rb7 Kc5 45. Rh7 Rb1 46. Rc7+ Kd6 47.
Rc2 Ke5 48. Re2+ Kd5 49. h4 Rh1 50. f6 1-0

[Event "ch-RUS Rapid Women"]
[Site "Olginka RUS"]
[Date "2011.04.26"]
[Round "6"]
[White "Girya, Olga"]
[Black "Gunina, Valentina"]
[Result "0-1"]
[WhiteTitle "WGM"]
[BlackTitle "WGM"]
[WhiteElo "2425"]
[BlackElo "2472"]
[WhiteFideId "4195752"]
[BlackFideId "4167570"]
[EventDate "2011.04.25"]

1. d4 d5 2. c4 c6 3. Nc3 dxc4 4. e4 b5 5. a4 b4 6. Na2 e6 7. Bxc4 Nf6 8. e5 Nd5
9. Nf3 Be7 10. O-O O-O 11. Qe2 a5 12. Rd1 Ba6 13. b3 Qc8 14. Bg5 h6 15. Bxe7
Nxe7 16. Rac1 Rd8 17. Bxa6 Nxa6 18. Rc4 Ra7 19. Nd2 Nf5 20. Ne4 Rad7 21. Qg4 Kh8
22. Ng3 Nxg3 23. hxg3 Rd5 24. Nc1 Qd7 25. Qe4 c5 26. Ne2 Nb8 27. g4 Nc6 28. g5
Nxe5 29. gxh6 Nxc4 30. hxg7+ Kxg7 31. Qg4+ Kf8 32. bxc4 Rd6 33. Qg5 Qxa4 34. Rd3
Ke8 35. Nf4 Rxd4 36. Rf3 Kd7 37. Qxc5 Qd1+ 38. Kh2 Rh8+ 39. Nh3 f5 40. Qxa5 Ke7
41. Qe5 Rdh4 42. Rg3 Qd4 43. Qc7+ Ke8 44. Qc8+ Kf7 45. Qb7+ Ke8 46. Qc8+ Ke7 47.
Qc7+ Ke8 48. Qc8+ Ke7 49. Qc7+ Ke8 50. Qc8+ Ke7 51. Qc7+ Ke8 52. Qc8+ Ke7 53.
Qc7+ Ke8 54. Qc8+ Ke7 55. Qc7+ Ke8 56. Qc8+ Ke7 57. Qb7+ Kd6 58. Qxb4+ Ke5 59.
Qe7 Rxh3+ 60. Rxh3 Rxh3+ 61. Kxh3 Qxf2 62. Qg7+ Ke4 63. Qb7+ Kf4 64. Qb3 Qe2 65.
Qg3+ Ke4 66. Qh4+ f4 67. Qh7+ Kd4 68. Qc7 Qh5# 0-1

[Event "ch-RUS Rapid Women"]
[Site "Olginka RUS"]
[Date "2011.04.26"]
[Round "6"]
[White "Vasilevich, Irina"]
[Black "Bodnaruk, Anastasia"]
[Result "1-0"]
[WhiteTitle "IM"]
[BlackTitle "IM"]
[WhiteElo "2324"]
[BlackElo "2423"]
[WhiteFideId "4141296"]
[BlackFideId "4181751"]
[EventDate "2011.04.25"]

1. c4 g6 2. Nc3 Bg7 3. g3 d6 4. Bg2 e5 5. Rb1 Ne7 6. b4 O-O 7. d3 c6 8. b5 d5 9.
bxc6 bxc6 10. cxd5 Nxd5 11. Bd2 a5 12. Na4 Na6 13. Nf3 Nac7 14. O-O Nb5 15. Qc1
Bd7 16. Nc5 a4 17. Bb4 Re8 18. Nd2 Bc8 19. Re1 Kh8 20. Nc4 f5 21. Bd2 Qe7 22.
Na5 Qd6 23. Nxa4 Bd7 24. Nc4 Qe6 25. Nc5 Qe7 26. Nxd7 Qxd7 27. Bxd5 Qxd5 28. Nb6
Qxa2 29. Nxa8 Qxa8 30. Bh6 Nd4 31. Bxg7+ Kxg7 32. Qc5 Kh6 33. Kg2 f4 34. e3 f3+
35. Kh1 Nf5 36. Rbc1 e4 37. dxe4 Rxe4 38. Qxc6 Qxc6 39. Rxc6 Ra4 40. Rc2 Nd6 41.
h3 Ne4 42. Kh2 Ng5 43. Rd1 Rb4 44. h4 Ne6 45. Rd6 Ng7 46. Rd4 Rb1 47. Rf4 Nf5
48. Rxf3 Rd1 49. Rf4 Kg7 50. Ra4 Rf1 51. Kg2 Rd1 52. e4 Nd6 53. Ra7+ Kf6 54. Rc6
Ke5 55. Rd7 Ke6 56. Rxh7 Rd2 57. Rg7 Ke5 58. Re7+ Kf6 59. Rd7 Ke6 60. Rdxd6+
Rxd6 61. Rxd6+ Kxd6 62. f4 1-0

[Event "ch-RUS Rapid Women"]
[Site "Olginka RUS"]
[Date "2011.04.26"]
[Round "6"]
[White "Zaiatz, Elena"]
[Black "Gubernatorova, Lyudmila"]
[Result "1/2-1/2"]
[WhiteTitle "IM"]
[WhiteElo "2426"]
[BlackElo "2266"]
[WhiteFideId "4139518"]
[BlackFideId "4123840"]
[EventDate "2011.04.25"]

1. d4 Nf6 2. c4 c5 3. d5 e6 4. Nc3 exd5 5. cxd5 d6 6. e4 g6 7. f4 Bg7 8. Bb5+
Nfd7 9. Be2 O-O 10. Nf3 Na6 11. O-O Nc7 12. a4 a6 13. Nd2 Nf6 14. Bf3 Rb8 15. a5
Nb5 16. Nxb5 axb5 17. Nb3 Nd7 18. Ra2 b6 19. axb6 Nxb6 20. Na5 Bd7 21. b4 Bd4+
22. Kh1 Nc4 23. Nb3 Ne3 24. Qd3 Nxf1 25. Nxd4 cxd4 26. Bb2 Qf6 27. g3 g5 28.
Bxd4 Qh6 29. Qxf1 Bh3 30. fxg5 Bxf1 31. gxh6 Ra8 32. Rf2 Bd3 33. e5 dxe5 34.
Bxe5 Rfe8 35. Bg7 Be4 36. Bxe4 Rxe4 37. Rd2 Rd8 38. Kg2 Rd6 39. Rc2 Re8 40. Rc5
Red8 41. Rxb5 Rxd5 42. Rxd5 Rxd5 43. Kf3 Rb5 44. Bc3 Rb6 45. Bd2 f6 46. Ke4 Kf7
47. Kd5 Rb8 48. Bc3 Rd8+ 49. Kc4 Rc8+ 50. Kb3 Ke6 51. b5 f5 52. Kb4 Kd5 53. Bg7
Rc4+ 54. Ka5 Rc2 55. h4 Ra2+ 56. Kb6 Ra3 57. Kc7 Rxg3 58. b6 Rb3 59. Bf6 f4 60.
h5 f3 61. Bh4 Ke4 62. Bf2 Kf5 63. b7 Rxb7+ 64. Kxb7 Kg5 65. Kc6 Kxh6 66. Kd5
Kxh5 67. Ke4 Kg4 68. Be1 h5 69. Bf2 h4 70. Bxh4 Kxh4 71. Kxf3 1/2-1/2

[Event "ch-RUS Rapid Women"]
[Site "Olginka RUS"]
[Date "2011.04.26"]
[Round "6"]
[White "Kashlinskaya, Alina"]
[Black "Ambartsumova, Karina"]
[Result "1-0"]
[WhiteTitle "WGM"]
[BlackTitle "WIM"]
[WhiteElo "2320"]
[BlackElo "2308"]
[WhiteFideId "4198026"]
[BlackFideId "4166299"]
[EventDate "2011.04.25"]

1. d4 Nf6 2. c4 e6 3. Nc3 Bb4 4. e3 O-O 5. Bd3 d5 6. Nf3 c5 7. O-O Nc6 8. a3 Ba5
9. Ne2 cxd4 10. exd4 dxc4 11. Bxc4 h6 12. b4 Bc7 13. Bb2 Qd6 14. Rc1 Ne7 15. Ne5
b6 16. Nc3 a6 17. Qf3 Rb8 18. Rfd1 Bb7 19. Qe2 Ng6 20. g3 Nxe5 21. dxe5 Qxe5 22.
Bxa6 Bxa6 23. Qxa6 Qh5 24. Kg2 Be5 25. Qb5 Rfc8 26. Ne4 Ng4 27. h3 Qf5 28. Qe2
Bxb2 29. hxg4 Qg6 30. Rxc8+ Rxc8 31. Nd6 Rc2 32. Rd2 Rxd2 33. Qxd2 Bf6 34. Qe3
Qxg4 35. Qxb6 Bd4 36. Qd8+ Kh7 37. Qh4 Qd1 38. Nxf7 Qd2 39. Ng5+ Kg6 40. Ne4 Qa2
41. Qg4+ Kh7 42. Ng5+ hxg5 43. Qxd4 Qxa3 44. b5 Qa8+ 45. Kh2 Kg6 46. b6 Qb7 47.
Kg1 Qf3 48. Qd7 Qb3 49. b7 Qb1+ 50. Kh2 Qf5 51. Qd4 Qb5 52. Qe4+ Kf6 53. Qf3+
Kg6 54. Qe4+ Kf6 55. Qd4+ Kg6 56. Qa7 1-0